00606aam a2200241a 44500008003900000017001500039041000800054080002100062100003100083245002800114245002800142245003000170260000900200260001300209260000900222300002300231500002800254500001200282520000800294546001300302650002000315700002900335930106s1988 cat aT-581-1988 acat a636.1:685.1(038) aBruch i Salada, M.Lluïsa aVocabulari dels basters cJúlia Plaza i Arqué cM.Lluïsa Bruch i Salada aReus bCarrutxa c1988 a130 p.bil.c22 cm aBibliografia: p.129-130 btermcat a584 acatalà aofici de baster aPlaza i Arqué, Júlia